000 00277nam a22001097a 4500
008 240704b |||||||| |||| 00| 0 eng d
100 _aNarayan Swami
_916492
245 _aKelopanishad Upnishyad Rahisya
260 _aDelhi:
_bSwdeshik Pub.
_c1969.
300 _a96p.
942 _cBK
999 _c40359
_d40359